UM Logo

Different Roles of Family Socioeconomics Status in Academic Trajectories Between Emergent Bilinguals and Their Peers Across Primary Years / (Record no. 24456)

MARC details
000 -LEADER
fixed length control field 00823nam a22001937a 4500
003 - CONTROL NUMBER IDENTIFIER
control field OSt
005 - DATE AND TIME OF LATEST TRANSACTION
control field 20260321162437.0
008 - FIXED-LENGTH DATA ELEMENTS--GENERAL INFORMATION
fixed length control field 260321b |||||||| |||| 00| 0 eng d
040 ## - CATALOGING SOURCE
Transcribing agency 0
082 ## - DEWEY DECIMAL CLASSIFICATION NUMBER
Classification number DPer 370.15 J826 October-November 2024 v.116 n.7-8
100 ## - MAIN ENTRY--PERSONAL NAME
Personal name Shen, Ye.
Relator term author.
9 (RLIN) 68133
245 ## - TITLE STATEMENT
Title Different Roles of Family Socioeconomics Status in Academic Trajectories Between Emergent Bilinguals and Their Peers Across Primary Years /
Statement of responsibility, etc. Ye Shen and Rui Wang
260 ## - PUBLICATION, DISTRIBUTION, ETC. (IMPRINT)
Place of publication, distribution, etc. Washington D.C., USA
Name of publisher, distributor, etc. American Psychological Association
Date of publication, distribution, etc. November 2024
300 ## - PHYSICAL DESCRIPTION
Extent Volume 116, Pages 1250-1266 :
Other physical details illustration ;
Dimensions 28 cm.
500 ## - GENERAL NOTE
General note Journal of Education Psychology, Vol. 116, no. 8, pages 1250-1266, November 2024
700 ## - ADDED ENTRY--PERSONAL NAME
Personal name Shen, Ye.
Relator term author.
9 (RLIN) 68133
700 ## - ADDED ENTRY--PERSONAL NAME
Personal name Wang, Rui.
Relator term author.
9 (RLIN) 51075
942 ## - ADDED ENTRY ELEMENTS (KOHA)
Source of classification or shelving scheme Dewey Decimal Classification
Koha item type Periodicals
Holdings
Withdrawn status Lost status Source of classification or shelving scheme Damaged status Not for loan Collection code Home library Current library Date acquired Total Checkouts Full call number Date last seen Price effective from Koha item type Public note
    Dewey Decimal Classification     Periodicals UM Digos College - LIC UM Digos College - LIC 03/21/2026   DPer 370.15 J826 October-November 2024 v.116 n.7-8 03/21/2026   Periodicals Periodical Article